Burkina Faso Trivia Quiz - Statistieken

Algemene statistieken
  • Deze quiz is 327 keer genomen
  • De gemiddelde score is 10 van 15
Antwoordstatistieken
Hint Antwoord % Correct
Aangrenzende landen Niger
97%
Aangrenzende landen Mali
95%
Europees land dat Burkina Faso koloniseerde van 1896 tot 1960 Frankrijk
94%
Aangrenzende landen Ivoorkust
94%
Aangrenzende landen Togo
92%
Aangrenzende landen Ghana
91%
Aangrenzende landen Benin
90%
Hoofdstad van Burkina Faso Ouagadougou
74%
Metaal dat verantwoordelijk is voor 47% van alle export Goud
65%
Semi-dorre zone van de Sahara waar noord-Burkina Faso zich in bevind Sahel
57%
Vezel die 31% van de export uitmaakt Katoen
40%
Voormalige naam van Burkina Faso Opper-Volta
35%
Revolutionair bekend als de "Afrikaanse" Che Guevara Thomas Sankara
22%
Meest gesproken moedertaal More
19%
Burkina Faso betekent Land van de {oprechte} mensen
15%
Geen overeenkomende quizzen gevonden
Scoreverdeling
Procent van Mensen met Elke Score
Percentiel versus Aantal Correcte Antwoorden
Uw Scoregeschiedenis
U heeft deze quiz nog niet genomen